| 000 | 00530nam a2200217Ia 4500 | ||
|---|---|---|---|
| 008 | 160803s9999 xx 000 0 und d | ||
| 020 | _a0 439239230 | ||
| 100 | _aCleary, Beverly | ||
| 245 | _aOtis Spofford / | ||
| 245 | _cBeverly Cleary ; illustrated by Louis Darling. | ||
| 260 | _aNew York : | ||
| 260 | _bScholastic Inc. | ||
| 260 | _c2000 | ||
| 300 | _a192 pages ; | ||
| 300 | _c20 cm. | ||
| 650 | _aHumorous stories. | ||
| 650 | _aSchools -- | ||
| 650 | _aSchools. | ||
| 650 | _xFiction. | ||
| 700 | _a720 | ||
| 999 |
_c298658 _d298658 |
||